000 00653nam a2200181 i 4500
001 22544
003 ES-MaACL
005 20230906152720.0
007 t|
008 021203s1909 sp ||||1| spa d
100 1 _aAlonso y González, Salustiano.
_920429
245 1 3 _aEl contrato de aparcería en sí; y en las legislaciones vigentes
_b: tésis doctoral presentada al optar al grado de doctor /
_cpor Salustiano Alonso y González.
260 _aHuelva :
_b[s.n.],
_c1909 (
_fTalleres tipograficos del Diario de Huelva)
300 _a83 p. ;
_c23 cm.
502 _aTesis doctoral.
650 4 _aAparcería.
_9154231
852 _aES-MaACL
_jT-1208-F-6
999 _c22544
_d22544